000 01357nam a2200361Ia 4500
001 ebr10448371
003 CaPaEBR
006 m u
007 cr cn|||||||||
008 090730s2008 enk s 001 0 eng d
020 _z1847195504
020 _z9781847195500
020 _z9781847195517
040 _aCaPaEBR
_cCaPaEBR
035 _a(OCoLC)429918515
050 1 4 _aTK5105.8885.A26
_bT43 2008eb
100 1 _aThakur, Vivek.
245 1 0 _aASP.NET 3.5 application architecture and design
_h[electronic resource] :
_bbuild robust, scalable ASP.NET applications quickly and easily /
_cVivek Thakur.
246 3 0 _aASP.NET 3.5
260 _aBirmingham, UK :
_bPackt Publishing,
_cc2008.
300 _a239 p.
500 _aIncludes index.
533 _aElectronic reproduction.
_bPalo Alto, Calif. :
_cebrary,
_d2011.
_nAvailable via World Wide Web.
_nAccess may be limited to ebrary affiliated libraries.
630 0 0 _aActive server pages.
650 0 _aApplication software
_xDevelopment.
650 0 _aMicrosoft .NET.
650 0 _aSoftware architecture.
650 0 _aWeb site development.
650 0 _aWeb sites
_xDesign.
655 7 _aElectronic books.
_2local
710 2 _aebrary, Inc.
856 4 0 _uhttp://site.ebrary.com/lib/rucke/Doc?id=10448371
_zAn electronic book accessible through the World Wide Web; click to view
999 _c137213
_d137213